Statistics for Countries Closest to Timor-Leste

Click here to take the quiz!

General Stats

  • This quiz has been taken 685 times
  • The average score is 18 of 20

Answer Stats

kmcountrymiles% Correct
0Indonesia0
100%
461Australia286
98%
1594Malaysia990
97%
3227Laos2005
93%
1506Papua New Guinea936
93%
2516Singapore1563
93%
1813Brunei1127
92%
2988Cambodia1857
92%
1538Philippines956
92%
2979Thailand1851
92%
2899Vietnam1802
92%
3433China2133
91%
3549Myanmar2205
90%
3796India2359
86%
1620Palau1006
86%
3436Taiwan2135
86%
3109Solomon Islands1932
82%
2176Micronesia1352
80%
3624Japan2252
77%
4319Vanuatu2684
76%

Score Distribution

Percentile by Number Answered

Percent of People with Each Score

Your Score History

You have not taken this quiz